000 00643nam a2200229Ia 4500
003 OSt
005 20221006164700.0
006 a|||||r|||| 00| 0
007 ta
008 221006b |||||||| |||| 00| 0 eng d
024 _a2,252
037 _cTextual
040 _aFML
_cFML
_beng
041 _2eng
_aeng
082 _aNR44z7, M1 -; 2
100 _aRanganathan H K Ed.
_9678089
245 0 _aSangeet Natak Acadmy
_b Silver Jubilee Volume
260 _aNew Delhi
_bSangeet Natak Acadmy
_c1981
300 _a323
_ccm.
942 _hNR44z7, M1 -; 2
_cTEXL
_2CC
999 _c1118095
_d1118095